书目信息 |
| 题名: |
清末中日教育文化交流之研究
|
|
| 作者: | 吕顺长 著 | |
| 分册: | ||
| 出版信息: | 北京 商务印书馆 2012.06 |
|
| 页数: | 401页 | |
| 开本: | 21cm | |
| 丛书名: | 中日文化交流新视域丛书 | |
| 单 册: | ||
| 中图分类: | G529.52 , G531.394.3 | |
| 科图分类: | ||
| 主题词: | 教育事业--中日关系--文化交流--研究--清后期 , 教育事业 , 中日关系 , 文化交流 | |
| 电子资源: | ||
| ISBN: | 978-7-100-08454-3 | |
| 000 | 01078oam2 2200289 450 | |
| 001 | 010050010379 | |
| 005 | 20130427084540.64 | |
| 010 | @a978-7-100-08454-3@dCNY32.00 | |
| 100 | @a20120822d2012 em y0chiy0110 ea | |
| 101 | 0 | @achi |
| 102 | @aCN@b110000 | |
| 105 | @ay z 000yy | |
| 106 | @ar | |
| 200 | 1 | @a清末中日教育文化交流之研究@9qing mo zhong ri jiao yu wen hua jiao liu zhi yan jiu@f吕顺长著 |
| 210 | @a北京@c商务印书馆@d2012.06 | |
| 215 | @a401页@d21cm | |
| 225 | 1 | @a中日文化交流新视域丛书 |
| 330 | @a本书对中日文化交流中的重要方面教育文化交流进行了专门考察研究。全书以中国人日本教育考察记《官报》、日本人的中国考察旅游记录、当时中国的报刊杂志、相关报道等原始史料为线索依据,着重对中国人的日本教育考察、留日学生、日本人的中国认识等问题进行了研究和论述。 | |
| 606 | 0 | @a教育事业@x中日关系@x文化交流@x研究@z清后期 |
| 606 | 0 | @a教育事业 |
| 606 | 0 | @a中日关系 |
| 606 | 0 | @a文化交流 |
| 690 | @aG529.52@v5 | |
| 690 | @aG531.394.3@v5 | |
| 701 | 0 | @a吕顺长@9lv shun chang@f(1962~)@4著 |
| 801 | 0 | @aCN@bNLC@c20120921 |
| 905 | @b542206-10@dG529.52@e150@f5 | |
| 清末中日教育文化交流之研究/吕顺长著.-北京:商务印书馆,2012.06 |
| 401页;21cm.-(中日文化交流新视域丛书) |
| ISBN 978-7-100-08454-3:CNY32.00 |
| 本书对中日文化交流中的重要方面教育文化交流进行了专门考察研究。全书以中国人日本教育考察记《官报》、日本人的中国考察旅游记录、当时中国的报刊杂志、相关报道等原始史料为线索依据,着重对中国人的日本教育考察、留日学生、日本人的中国认识等问题进行了研究和论述。 |
| ● |
| 相关链接 |
|
|
|
|
正题名:清末中日教育文化交流之研究
索取号:G529.52/150
 
预约/预借
| 序号 | 登录号 | 条形码 | 馆藏地/架位号 | 状态 | 备注 |
| 1 | 542206 | 205422069 | 第一样本阅览室/ [索取号:G529.52/150] | 在馆 | |
| 2 | 542207 | 205422078 | 第四借阅区/ [索取号:G529.52/150] | 在馆 | |
| 3 | 542208 | 205422087 | 教育系资料室/ [索取号:G529.52/150] | 在馆 | |
| 4 | 542209 | 205422096 | 教育系资料室/ [索取号:G529.52/150] | 在馆 | |
| 5 | 542210 | 205422103 | 教育系资料室/ [索取号:G529.52/150] | 在馆 |